Introduction to the Old Testament (Record no. 7138)

MARC details
000 -LEADER
campo de control de longitud fija 00676ntaaa2200193 4500
003 - IDENTIFICADOR DE NÚMERO DE CONTROL
campo de control 01
005 - FECHA Y HORA DE LA ÚLTIMA TRANSACCIÓN
campo de control 20251027201256.0
008 - DATOS DE LONGITUD FIJA--INFORMACIÓN GENERAL
campo de control de longitud fija 0714s1973 ag 01
040 ## - FUENTE DE CATALOGACIÓN
Centro catalogador/agencia de origen AR-BaBN
Lengua de catalogación spa
Centro/agencia transcriptor AR-BaBN
Normas de descripción aacr
Centro/agencia modificador RIC
082 ## - NÚMERO DE LA CLASIFICACIÓN DECIMAL DEWEY
Número de clasificación 221.0000 M16
100 ## - ENTRADA PRINCIPAL--NOMBRE DE PERSONA
Nombre de persona McFadyen, J. E.
9 (RLIN) 10921
245 ## - MENCIÓN DEL TÍTULO
Título Introduction to the Old Testament
250 ## - MENCION DE EDICION
Mención de edición 1 ed. :
Resto de la mención de edición Hodder and Stoughton Litd.,
-- c1932
300 ## - DESCRIPCIÓN FÍSICA
Extensión 400 p.
500 ## - NOTA GENERAL
Nota general "A book written for those who desire to understand the modern attitude to the Old testament as whole, but who either do not have the time or the inclination to follow the details."
650 ## - PUNTO DE ACCESO ADICIONAL DE MATERIA--TÉRMINO DE MATERIA
Término de materia o nombre geográfico como elemento de entrada Biblia-Antiguo Testamento
650 ## - PUNTO DE ACCESO ADICIONAL DE MATERIA--TÉRMINO DE MATERIA
Término de materia o nombre geográfico como elemento de entrada Antiguo Testamento
942 ## - ELEMENTOS DE ENTRADA SECUNDARIOS (KOHA)
Tipo de ítem Koha Colección General
Holdings
Estatus retirado Estado de pérdida Estado de daño No para préstamo Biblioteca de origen Biblioteca actual Fecha de adquisición Número de inventario Total de préstamos Signatura topográfica completa Código de barras Visto por última vez Precio de reemplazo Tipo de ítem Koha
        Biblioteca Pluis Biblioteca Pluis 27/10/2025 08277   221.0000 M16 08277 27/10/2025 27/10/2025 Colección General